Normal view
MARC view
Entry Personal Name
001 - CONTROL NUMBER
- control field: 20254
003 - CONTROL NUMBER IDENTIFIER
- control field: OSt
005 - DATE AND TIME OF LATEST TRANSACTION
- control field: 20210112151106.0
008 - FIXED-LENGTH DATA ELEMENTS
- fixed length control field: 210112|| aca||aabn | a|a d
040 ## - CATALOGING SOURCE
- Original cataloging agency: OSt
- Transcribing agency: OSt
100 ## - HEADING--PERSONAL NAME
- Personal name: Trivey, R.K.
670 ## - SOURCE DATA FOUND
- Source citation: Work cat.: (OSt): Trivey, R.K., Ecology and Pollution of Indian Rivers, 1988
